[Event "Ljubljana-chT 62nd 1st League"]
[Site "Ljubljana"]
[Date "2009.02.12"]
[Round "6.1"]
[White "Ocepek, Marjan Ml"]
[Black "Oberc, Marjan"]
[Result "0-1"]
[WhiteElo "1740"]
[BlackElo "2042"]
[PlyCount "48"]
[EventDate "2009.01.08"]
[EventType "team-tourn"]
[EventRounds "9"]
[EventCountry "SLO"]
[SourceTitle "EXT 2022"]
[Source "ChessBase"]
[SourceDate "2021.10.06"]
[SourceVersion "1"]
[SourceVersionDate "2021.10.06"]
[SourceQuality "1"]
[WhiteTeam "Loka pri Mengsu"]
[BlackTeam "Trzin Buscotrade"]
[WhiteTeamCountry "SLO"]
[BlackTeamCountry "SLO"]

1. Nf3 d5 2. d4 Nf6 3. c4 dxc4 4. Na3 e5 5. Nxe5 Bxa3 6. Qa4+ b5 7. Qxa3 Qxd4 8. Nf3 Qd6 9. Qc3 0-0 10. g3 Ne4 11. Qa5 Rd8 12. Bf4 Qb6 13. Qxb6 cxb6 14. Bg2 Bb7 15. Nd2 Nc5 16. Bxb7 Nxb7 17. a4 bxa4 18. Rxa4 b5 19. Rb4 a6 20. Nxc4 Nc6 21. Rb3 Nd4 22. Rc3 bxc4 23. Rxc4 Na5 24. e3 Nxc4 0-1

[Event "Ljubljana-chT 62nd 1st League"]
[Site "Ljubljana"]
[Date "2009.01.29"]
[Round "4.1"]
[White "Ocepek, Marjan Ml"]
[Black "Borisek, Anze"]
[Result "1-0"]
[WhiteElo "1740"]
[BlackElo "1830"]
[PlyCount "129"]
[EventDate "2009.01.08"]
[EventType "team-tourn"]
[EventRounds "9"]
[EventCountry "SLO"]
[SourceTitle "EXT 2022"]
[Source "ChessBase"]
[SourceDate "2021.10.06"]
[SourceVersion "1"]
[SourceVersionDate "2021.10.06"]
[SourceQuality "1"]
[WhiteTeam "Loka pri Mengsu"]
[BlackTeam "Podpec Prigo"]
[WhiteTeamCountry "SLO"]
[BlackTeamCountry "SLO"]

1. d4 e6 2. Nf3 f5 3. c4 Nf6 4. Nc3 d5 5. g3 c6 6. cxd5 cxd5 7. Bf4 Bd6 8. Qd2 0-0 9. Bxd6 Qxd6 10. Rc1 Bd7 11. Ne5 Ne4 12. Nxe4 fxe4 13. e3 Nc6 14. Nxd7 Qxd7 15. Bb5 Rac8 16. 0-0 Rf6 17. Bxc6 Rxc6 18. Rxc6 bxc6 19. Rc1 Rh6 20. Qb4 Qc7 21. Qc3 e5 22. dxe5 Qd7 23. Rc2 Qh3 24. f3 exf3 25. e4 Qg4 26. exd5 f2+ 27. Rxf2 Qd1+ 28. Kg2 Qxd5+ 29. Qf3 Qxf3+ 30. Kxf3 Kf7 31. Ke4+ Ke7 32. h4 Rg6 33. Kf4 h5 34. Rc2 Kd7 35. Rd2+ Ke7 36. Rd3 Rg4+ 37. Kf3 Ra4 38. a3 Ke6 39. Rd6+ Kxe5 40. Rxc6 Kf5 41. Rc5+ Kg6 42. Rg5+ Kh6 43. Ke3 g6 44. Kd3 Kg7 45. Re5 Rg4 46. Re3 Kf6 47. b4 a6 48. Kc3 g5 49. hxg5+ Kxg5 50. Kb3 Rd4 51. Ka4 Kg4 52. Ka5 Rd6 53. a4 Rf6 54. Re5 Rh6 55. Re3 Rf6 56. b5 axb5 57. axb5 Rf1 58. b6 Ra1+ 59. Kb5 Rb1+ 60. Kc6 Rc1+ 61. Kb7 Rc2 62. Kb8 Rc1 63. b7 Rb1 64. Rc3 Ra1 65. Kc8 1-0